Detalles MARC
| 000 -LÍDER |
| Campo fijo de descripción fija |
01391cam a2200325 i 4500 |
| 001 - NÚMERO DE CONTROL |
| Campo de control |
21901813 |
| 003 - IDENTIFICADOR DEL NÚMERO DE CONTROL |
| Campo de control |
OCoLC |
| 005 - FECHA Y HORA DE LA ULTIMA TRANSACCIÓN |
| control field |
20190220124128.0 |
| 008 - ELEMENTOS DE LONGITUD FIJA -- INFORMACIÓN GENERAL |
| Campo fijo de descripción fija -- Información general |
900605s1990 mau g b 001 0 eng |
| 020 ## - NÚMERO INTERNACIONAL NORMALIZADO PARA LIBROS |
| Número Internacional Normalizado del libro |
0943575354 |
| 040 ## - FUENTE DE CATALOGACIÓN |
| Agencia de catalogación original |
DLC |
| Idioma de catalogación |
spa |
| Agencia que realiza la transcripción |
CO-MdFUSB |
| Agencia que realiza la modificación |
MUQ |
| -- |
BAKER |
| -- |
NLGGC |
| -- |
HNW |
| -- |
BTCTA |
| -- |
YDXCP |
| -- |
BDX |
| -- |
OCLCO |
| -- |
OCLCA |
| -- |
OCLCQ |
| -- |
OCLCF |
| -- |
IOO |
| -- |
OCLCA |
| -- |
LMR |
| Convenciones de la descripción |
rda |
| 041 ## - CÓDIGO DE IDIOMA |
| Código de idioma para texto/pista de sonido o título separado |
eng |
| 082 ## - NÚMERO DE CLASIFICACIÓN DECIMAL DEWEY |
| Número de la edición del Dewey |
24 |
| Número de clasificación |
G 223.206 |
| Clave de autor-Numero de item |
B444p |
| 100 1# - ASIENTO PRINCIPAL--NOMBRE PERSONAL |
| Nombre personal |
Bellinger, W. H. |
| Término relacionador |
autor |
| 245 10 - TÍTULO |
| Título del Material |
Psalms |
| Parte restante del título - Subtitulo |
: reading and studying the book of praises |
| Mención de responsabilidad, etc. |
/ W.H. Bellinger, Jr. |
| 264 #1 - PRODUCCIÓN, PUBLICACIÓN, DISTRIBUCIÓN, MANUFACTURA, Y COPYRIGHT |
| Lugar de producción, publicación, distribución, manufactura |
Peabody, Massachusetts : |
| Nombre del productor, publicador, distribuidor |
Hendrickson Publishers, |
| Fecha de producción, publicación, distribución, manufactura, o copyright |
℗[1990] |
| 264 #4 - PRODUCCIÓN, PUBLICACIÓN, DISTRIBUCIÓN, MANUFACTURA, Y COPYRIGHT |
| Fecha de producción, publicación, distribución, manufactura, o copyright |
©1990 |
| 300 ## - DESCRIPCIÓN FÍSICA |
| Extensión |
166 páginas ; |
| Dimensiones |
22 cm. |
| 336 ## - TIPO DE CONTENIDO |
| Fuente |
rdacontent. |
| Término de tipo de contenido |
texto |
| Código de tipo de contenido |
txt |
| 337 ## - TIPO DE MEDIO |
| Fuente |
rdamedia. |
| Nombre del tipo de medio |
sin mediación |
| Código del tipo de medio |
n |
| 338 ## - TIPO DE SOPORTE |
| Fuente |
rdacarrier. |
| Nombre del tipo de soporte |
volumen |
| Código Tipo de soporte |
nc |
| 501 ## - NOTA DE “CON” |
| Nota de Contenido |
Incluye índices (páginas 159- 166) |
| 504 ## - NOTA DE BIBLIOGRAFÍA, ETC. |
| Nota de bibliografía, etc |
Bibliografía (páginas 151- 153) |
| 505 0# - NOTA DE CONTENIDO |
| Nota de contenido con formato preestablecido |
Comenzando -- Lecciones del pasado -- Leyendo los Salmos -- Lamentos: de las profundidades -- Salmos de alabanza: entronizados en las alabanzas de Israel -- Salmos reales: un pacto con mi elegido, David mi siervo -- Salmos de sabiduría: Te instruiré -- Los Salmos y la fe -- Excursus: Los Salmos y la sociología |
| 630 07 - TITULO UNIFORME |
| Título uniforme |
Biblia. |
| Nombre de parte o sección de la obra |
Salmos |
| 655 #7 - TERMINO DE INDIZACION - GENERO/FORMA |
| Datos o término principal de género/forma |
Criticism, interpretation, etc. |
| 942 ## - TIPO DE MATERIAL (KOHA) |
| Tipo de Item KOHA |
Libros General |